000 01945nam a22004930i 4500
001 20447
003 VRT
005 20260122141746.0
008 090725s1995 SK r 000 slo d
020 _a8088834546
035 _a(SVKBBclas03)vtls000020068
039 9 _a202305092112
_bAUTHORITY
_c202112151723
_dAUTHORITY
_c201802141216
_dAUTHORITY
_c201610131012
_dmkuuk03
040 _aSVKBB
_bslo
_cSVKBB
_eAACR2
041 1 _aslo
_heng
072 7 _a821.111(73)-1
_xAmerická poézia
_2konspekt
080 _a821.111(73)-32
_22011
080 _a(082.21)
_22011
100 1 _aPoe, Edgar Allan,
_d1809-1849.
245 1 0 _aVražda na ulici Morgue
_bspisy a básne
_cEdgar Allan Poe ; [prel. Jana Kantorová-Báliková, Michal Breznický, Ján Vilikovský]
260 _aRohovce
_bInterpopulart Slovakia
_c[1995]
300 _a115 s.
_c19 cm
490 1 _aPopulart. Anglosaská romantická literatúra
490 1 _aŠtudentská knižnica
_v55
500 _aŠtudentská knižnica 55. Séria: Anglosaská romantická literatúra
504 _aBibliogr.
600 1 7 _aPoe, Edgar Allan,
_d1809-1849
_2hŠVKBB
655 7 _aamerické poviedky
_2SNKPH
655 7 _aamerická poézia
_2SNKPH
655 7 _avýbery
_2SNKPH
655 7 _aAmerican short stories
_2SNKPHeng
655 7 _aAmerican poetry
_2SNKPHeng
655 7 _aSelections
_2SNKPHeng
700 1 _aBreznický, Michal,
_d1923-
_4trl
700 1 _aKantorová-Báliková, Jana,
_d1951-
_4trl
700 1 _aVilikovský, Ján,
_d1937-2023
_4trl
830 _aPopulart. Anglosaská romantická literatúra
830 _aŠtudentská knižnica
910 _asvkbb
942 _2ddc
_cKLDO
_n0
949 _6270001000026899
_asvkbbA 94672
_bsvkbbm 612576
949 _6270001000040843
_asvkbbA 94672
_bsvkbbm 612575
_ooprava väzby
949 _6270001000066125
_asvkbbA 94672
_bsvkbbm 613240
949 _63830001112444
_akurukT1/POE1-13
_bkuruk2016/F5567
_oD2016/študentka SJ/október 2014
999 _c20447
_d20447